000 00277nam a2200109Ia 4500
008 230907s9999||||xx |||||||||||||| ||und||
082 _a333.79,LOB
100 _aLobo, F.M. Rui.
_9115127
245 0 _aNanophysics for energy efficiency.
300 _axxiii, 73 p.:
942 _cBK
999 _c597646
_d597646